000 01331nam0a22003491 4500
001 rc\2174365
005 20260408013122.0
035 _a(NLR Aleph) 006537438
090 _a6599993
_c6599993
100 _a20110826d1978 |||y0rusy50 ca
101 0 _arus
102 _aRU
105 _aa z |||||
200 1 _aЗвезды типа R Северной Короны
_f[Б.Е. Жиляев, М.Я. Орлов, А.Ф. Пугач и др.
_gОтв. ред. М.Я. Орлов]
210 _aКиев
_cНаукова думка
_d1978
215 _a127 с.
_cил.
_d21
300 _aВ надзаг.: АН УССР, Гл. астрон. обсерватория
320 _aСписок лит.: с. 110-117 (203 назв.)
606 _aЗвезды переменные
_2psbo
686 _aВ663.1,0
_2rubbk
701 1 _aОрлов
_bМ.Я.
_gМихаил Яковлевич
_4340
701 1 _aПугач
_bА.Ф.
701 1 _aЖиляев
_bБ.Е.
_gБорис Ефимович
712 0 2 _4570
_aГлавная астрономическая обсерватория
_cКиев
_3RU\NLR\AUTH\8810175554
_9847182
801 0 _aRU
_bNLR
_gpsbo
801 1 _aRU
_bELAR
_2rusmarc
852 _aNLR
_j78-5/2732
899 _aRuMoRGB
_jБ 78-8/946
899 _aRuMoRGB
_jБ 78-8/947
942 _cBOOK
980 _aNB